000
00317nam a2200145Ia 4500
005
20250423094622.0
008
250422s9999 xx 000 0 und d
020
_a
0995678820
245
0
_a
Bonny & rare : a kingdom
260
_a
Bonny
260
_b
Nigeria LNG
260
_c
2008
300
_a
103 p
942
_c
BK
999
_c
27786
_d
27786